Movies Quiz

Random Movies or Song Quiz

Finish the Disney song Quiz Stats

 Plays Quiz not verified by Sporcle

Score 0/20 Timer 04:00
0 Plays Today
Song Next 3 words % Correct
Have you ever heard the wolf cry to the Blue corn moon
91.9%
I will protect you from all around you, I will be hereDon't you cry
57.1%
Look, there she goes, that girl is so peculiar. I wonder ifShe's feeling well
56.5%
I know it sounds sordid but you'll be rewarded. When at last I amGiven my dues
56.5%
In dreams you will lose your heartaches. Whatever you wish for, you keep. Have faithIn your dreams
54.8%
I thought my heart had learned its lesson, It feels so good when You start out
54.8%
I've reached the top and had to stop, And that'sWhat's bothering me
50%
This vampire bat, This inhuman beast, She ought toBe locked up
48.4%
I don't know if you can hear me, or if You're even there
42.9%
Let's go fly a kite and send it soaring, UpThrough the atmosphere
40.3%
Song Next 3 words % Correct
Baby mine, don't you cry. Baby mine,Dry your eyes
35.5%
There ain't nothing gonna stop me now ‘cause I'm almost there
30.6%
Side by side with your loved one, You'll Find enchantment here
29%
She'll wear your favourite colour just so she canMatch your eyes
28.6%
I'd play 'til the sun setsBeyond the horizon
28.6%
Though I do like breaking femurs, you can count meWith the dreamers
28.6%
And though we know he washes well, he always endsUp sorta smelly
16.1%
Bobbing along, on the bottom of theBeautiful Briny sea
14.5%
That physique, how can I speak? WeakAt the knee
11.3%
It won't take long when there's a song to help you Set the pace
3.2%

You're not logged in!

Compare scores with friends on all Sporcle quizzes.
OR
Log In

Show Comments

Extras

Created Aug 28, 2015ReportNominate
Tags:Disney Quiz, Song Quiz, finish, next

Top Quizzes Today


Score Distribution

Your Account Isn't Verified!

In order to create a playlist on Sporcle, you need to verify the email address you used during registration. Go to your Sporcle Settings to finish the process.

Report this User

Report this user for behavior that violates our Community Guidelines.

Details: